000 03696nmm a22004937i 4500
001 768714001
003 CO-MdFUSB
005 20250731122859.0
007 cr aa aaaaa
008 180402s2017 ck ||||| |||| 00| 0 spa d
040 _aCO-MdFUSB
_bEspañol
_cCO-MdFUSB
_dCO-MdFUSB
041 _aspa
043 _ack
084 _aT CD0081
100 _aMoncada Gómez, Edwin Alonso
_eautor
245 _aLiturgia cristiana y pentecostalismo en iglesias del Ministerio Verdad y Vida en el Sur del Valle de Aburra
_c/ Edwin Alonso Moncada Gómez ; asesorado por Jhohan Eduardo Centeno Collazos
_h[electrónico]
264 1 _aMedellín, Colombia :
_bFUSBC,
_c2017
300 _a74 páginas
336 _2rdacontent
_atexto
_btxt
337 _2rdamedia
_ainformático
_bc
338 _2rdacarrier
_aremoto
_bcr
502 _aTrabajo de grado
_b(Teología) --
_cFundación Universitaria Seminario Bíblico de Colombia
504 _aBibliografía (página 62-64)
505 _aLos bautistas -- Los pentecostales -- Algunas conclusiones -- Fundamentos bíblicos de la liturgia -- El pentecostalismo -- Capítulo II: Estudio de campo -- Trabajo de campo -- Resultados -- Propuesta -- Conclusiones -- Aprendizaje -- Referencias -- Anexos -- 1. Introitos -- 2. Encuestas para la membrecía de la iglesia -- 3. Entrevista para los pastores de las iglesias .
506 _aPréstamo en sala
520 _aEn la liturgia se busca de alguna manera dar un orden o una secuencia lógica a la realización del culto, ya que este es visto o contemplado como una de los momentos más conmemorativos que una persona como parte de la iglesia puede dedicar a Dios. En este trabajo se pretende particularmente enterarnos como la membrecía de una denominación local ubicada en el sur de nuestra área metropolitana concibe la liturgia y su pentecostalidad. Liturgia y pentecostalismo en las iglesia Ministerio Verdad y Vida del Sur, parte desde un concepto general poco conocido por quienes integran las diferentes congregaciones locales, en las cuales se indago sobre el tema, donde se desarrolló brevemente un marco teórico e histórico. La primera parte del trabajo tiene como objetivo dar a conocer como ha sido vista la liturgia y el pentecostalismo en el transcurso del tiempo y la historia de las denominaciones que han visto en dicha liturgia la oportunidad de tener una estructura para el desarrollo cultico de las diferentes iglesias que han surgido; en la segunda parte del trabajo se hace un trabajo de campo donde directamente se investiga por medio de encuestas y entrevistas a quienes hacen parte de estas iglesia locales, esto con el fin de evidenciar que piensan, que saben y como viven la liturgia y pentecostalidad. En el proceso de esta investigación se encontró que para la membrecía de estas iglesias locales la liturgia y el pentecostalismo son importantes, practicables e identificables. Pero a su vez no hay un conocimiento pleno del porque se hace y para que se hace. Se podría decir que estas iglesias locales están acostumbradas a su liturgia y pentecostalismo aun sin saber a ciencia cierta sus raíces teológicas y conceptuales.
535 _aRecurso en REPCI
590 _aPréstamo en sala
650 0 _9142
_aPentecostalismo
653 _aLiturgia
653 _aIglesia
653 _aPentecostalidad
653 _aCulto
653 _aLiderazgo
653 _aPastores
653 _aElementos
653 _aDenominación
653 _aMinisterios
653 _aFundamentos
700 _aCenteno, Jhohan,
_easesor
_990
856 _aREPCI
_uhttps://repositorio.repci.co/handle/123456789/707
942 _cTG
999 _c64268
_d64268